| 000 | 01376cad a2200241 4500 | ||
|---|---|---|---|
| 001 | L158294 | ||
| 008 | 031203n2014 000 0 eng u | ||
| 020 | _a9781783210572 | ||
| 035 | _a(Sirsi) u158294 | ||
| 041 | 0 | _aeng | |
| 050 | 0 | 4 | _a711.14 $2 18 |
| 110 | 2 |
_aRoyal Institution of Chartered Surveyors _94900 |
|
| 245 | 0 | 4 |
_aThe calculation of surveyors' fees relating to the exercise of statutory powers in connection with land and property _h[electronic resource] |
| 260 |
_aLondon _bRICS _c2014 |
||
| 490 | 0 | _aRICS Guidance Note | |
| 520 | _aOffers updated guidance to RICS members working in Scotland on the options now available regarding the agreement of an appropriate basis of charge. Until the issue of this guidance note, Ryde?s Scale has been used in Scotland as the main basis for the calculation of appropriate reimbursement to a claimant by an acquiring authority for the surveyor?s fee incurred in respect of handling a claim for compensation following the use of compulsory purchase order (CPO) powers. Effective from 1 May 2014 | ||
| 650 | 2 | 4 | _aRYDE'S SCALE |
| 650 | 2 | 4 |
_aCompulsory purchase _96228 |
| 651 | 4 | _aScotland | |
| 690 |
_aPlanning and development _96259 |
||
| 856 | 4 | 1 |
_uhttps://www.rics.org/Global/Calculation_of_surveyors_fees_Scotland_1st_edition_PGguidance_2014.pdf _z View this item (member-only access) at www.rics.org |
| 942 | _n0 | ||
| 999 |
_c115251 _d115251 |
||